00556nam a2200169 i 450000100060000000300090000600500170001500700030003200800410003510000330007624501380010926000390024730000330028670000200031970000260033985200210036586822ES-MaACL20250208063126.0t|041215s1909 fr ||||1| fre d1 aKipling, Rudyard,d1865-193610aCapitaines courageux b: une histoire du Bane de Terre : neuve /cRudyard Kipling ; traduction de L. Fabulet et Ch. Fonntaine Walker. aParis : bHachette et Cie, c1909. a222 p., 14 lám. ; c30 cm.1 aFabulet, Louis.1 aWalker, Ch. Fontaine. aES-MaACLjG-6343